Podpora podnikania mladých ľudí v kontexte strategického dokumentu Európa 2020

Uplatnenie mladých ľudí na pracovnom trhu a v podnikateľskom procese na Slovensku. Nezamestnanosť mladých ľudí. Nezamestnanosť mladých ľudí vo veku 15-24 rokov vo vybraných krajinách v závislosti od stupňa vzdelania (september 2012). Uplatnenie mladých ľudí v podnikateľskom procese. Programy a proje...

Descripción completa

Guardado en:
Detalles Bibliográficos
Autor principal: Veszprémi Sirotková, Anna, 1966-
Otros Autores: Krošláková, Monika, 1975-
Formato: Capítulo de libro
Lenguaje:eslovaco
Materias:
Etiquetas: Agregar Etiqueta
Sin Etiquetas, Sea el primero en etiquetar este registro!

MARC

LEADER 00000naa a2200000 4500
001 0164139
005 20240502072847.7
041 0 |a slo 
044 |a SK 
245 1 0 |a Podpora podnikania mladých ľudí v kontexte strategického dokumentu Európa 2020  |c Anna Sirotková, Monika Krošláková 
520 |a Uplatnenie mladých ľudí na pracovnom trhu a v podnikateľskom procese na Slovensku. Nezamestnanosť mladých ľudí. Nezamestnanosť mladých ľudí vo veku 15-24 rokov vo vybraných krajinách v závislosti od stupňa vzdelania (september 2012). Uplatnenie mladých ľudí v podnikateľskom procese. Programy a projekty na podporu podnikania mladých ľudí. 
610 2 0 |a podnikanie 
610 2 0 |a podpora podnikania 
610 2 0 |a mládež 
610 2 0 |a vek 
610 2 0 |a vzdelanie 
610 2 0 |a nezamestnanosť 
610 2 0 |a trh práce 
610 2 0 |a organizácie 
610 2 0 |a projekty 
100 1 |a Veszprémi Sirotková, Anna, 1966- 
700 1 |a Krošláková, Monika, 1975-